Videomagnetofony a některé možnosti jejich využití

Na minha lista:
Detalhes bibliográficos
Formato: Livro
Publicado em: Praha : Dom techniky ČSVTS, 1987
Tags: Adicionar Tag
Sem tags, seja o primeiro a adicionar uma tag!

MARC

LEADER 00000nam a22000003a 4500
001 stu16636
005 20150408181622.8
008 ------s1987----cs----------------------d
040 |a STU  |b slo 
041 0
044 |a cs 
080 |a 621.395.625.6 
245 |a Videomagnetofony a některé možnosti jejich využití 
260 |a Praha :  |b Dom techniky ČSVTS,  |c 1987 
300 |a 75 s 
996 |b CB1008  |c C*B1008  |l CCI  |s A  |a 24  |w stu16636_0001